000169723 001__ 169723 000169723 005__ 20260304131018.0 000169723 037__ $$aTAZ-TFG-2026-182 000169723 041__ $$aspa 000169723 1001_ $$aNavarro Moya Daniel 000169723 24200 $$aCardboard compacting desing. 000169723 24500 $$aDiseño de una máquina compactadora de cartones. 000169723 260__ $$aZaragoza$$bUniversidad de Zaragoza$$c2026 000169723 506__ $$aby-nc-sa$$bCreative Commons$$c3.0$$uhttp://creativecommons.org/licenses/by-nc-sa/3.0/ 000169723 520__ $$aEl presente proyecto tiene como objeto el diseño y estudio de una maquina compactadora de cartones, destinada principalmente para la compactación eficiente de residuos de papel y cartón. El diseño planteado busca satisfacer las necesidades actuales de gestión de residuos en entornos industriales y comerciales. Más concretamente en una empresa de hostelería de Zaragoza. Se busca facilitar el manejo, transporte y almacenamiento mediante la reducción significativa de su volumen inicial. El documento incluye un estudio detallado de la máquina, abarcando desde sus especificaciones técnicas y requisitos normativos hasta aspectos esenciales como la instalación, operación y mantenimiento preventivo. Asimismo, se realiza un análisis de seguridad integral siguiendo estrictamente las directrices establecidas en la normativa vigente y los requisitos exigidos para el marcado CE. Entre las principales funcionalidades de la máquina destacan la posibilidad de ajuste programable del tamaño de la bala compactada, funciones automáticas como el inicio de prensado y el mantenimiento de presión (Stay’n hold), así como mecanismos de seguridad y emergencia diseñados para garantizar la protección del usuario durante todas las etapas de uso. Finalmente, el proyecto contempla un análisis economice básico con el fin de determinar la viabilidad económica de la implementación de la maquina compactadora en un entorno productivo estándar, ofreciendo así una herramienta efectiva para mejorar la gestión ambiental mediante una adecuada reducción de residuos generados.<br /> 000169723 521__ $$aGraduado en Ingeniería Mecánica 000169723 540__ $$aDerechos regulados por licencia Creative Commons 000169723 691__ $$a9 16 000169723 692__ $$aNo me da tiempo 000169723 700__ $$aCanalís Martínez, Paula María$$edir. 000169723 700__ $$aAuría Apilluelo, José Manuel $$edir. 000169723 7102_ $$aUniversidad de Zaragoza$$bIngeniería Mecánica$$cIngeniería Mecánica 000169723 8560_ $$f821509@unizar.es 000169723 8564_ $$s12694630$$uhttps://zaguan.unizar.es/record/169723/files/TAZ-TFG-2026-182.pdf$$yMemoria (spa) 000169723 909CO $$ooai:zaguan.unizar.es:169723$$pdriver$$ptrabajos-fin-grado 000169723 950__ $$a 000169723 951__ $$adeposita:2026-03-04 000169723 980__ $$aTAZ$$bTFG$$cEINA 000169723 999__ $$a20260127000000.CREATION_DATE